[Event "Asia-ch"]
[Site "Al Ain"]
[Date "2025.05.15"]
[Round "9"]
[White "Mirzaad, S Wahabuddin"]
[Black "Anas, Khwaira"]
[Result "0-1"]
[WhiteElo "2035"]
[BlackElo "2173"]
[PlyCount "128"]
[EventDate "2025.05.07"]
[EventType "swiss"]
[EventRounds "9"]
[EventCountry "UAE"]
[SourceTitle "CB21_2025"]
[SourceDate "2025.05.21"]
[SourceVersion "1"]
[SourceVersionDate "2025.05.21"]
[SourceQuality "1"]

1. d4 Nf6 2. Bf4 g6 3. Nc3 d5 4. Qd2 Bg7 5. f3 Bf5 6. g4 Be6 7. h4 h5 8. g5 Nfd7 9. e4 Nb6 10. 0-0-0 a6 11. Nh3 Nc6 12. Be3 Bxh3 13. Rxh3 Qd7 14. Rh2 0-0 15. Qf2 e6 16. Kb1 Rfd8 17. f4 Ne7 18. e5 Qc6 19. Bc1 Bf8 20. Rh3 Nf5 21. Bd3 Nxd4 22. Bxg6 fxg6 23. Qxd4 Qe8 24. Ne2 c5 25. Qf2 Qf7 26. Ng3 Nc8 27. Rhh1 b6 28. Ne4 Ne7 29. Nf6+ Kh8 30. Rdg1 Bg7 31. Qe2 Bxf6 32. gxf6 Nf5 33. Rg2 Rg8 34. Bd2 b5 35. Be1 d4 36. Rhg1 Kh7 37. a3 c4 38. Qe4 Rad8 39. Rd2 Rd5 40. Bf2 Rgd8 41. Rgd1 Qd7 42. Qg2 a5 43. c3 d3 44. Rg1 Qe8 45. Qe4 Rc8 46. Rgd1 b4 47. cxb4 axb4 48. Rc1 Qb5 49. axb4 Qxb4 50. Rc3 Rb5 51. Kc1 Ra5 52. Rdxd3 Ra1+ 53. Kd2 Qxb2+ 54. Rc2 Qb4+ 55. Rdc3 Qb1 56. Rxc4 Rd8+ 57. Bd4 Nxd4 58. Rxd4 Qd1+ 59. Ke3 Ra3+ 60. Kf2 Qxd4+ 61. Qxd4 Rxd4 62. Rc7+ Kh6 63. Rc8 Rxf4+ 64. Ke2 Ra7 0-1

[Event "Asia-ch"]
[Site "Al Ain"]
[Date "2025.05.13"]
[Round "7"]
[White "Mirzaad, S Wahabuddin"]
[Black "Saif, Ahmed"]
[Result "0-1"]
[WhiteElo "2035"]
[BlackElo "2053"]
[PlyCount "59"]
[EventDate "2025.05.07"]
[EventType "swiss"]
[EventRounds "9"]
[EventCountry "UAE"]
[SourceTitle "CB21_2025"]
[SourceDate "2025.05.21"]
[SourceVersion "1"]
[SourceVersionDate "2025.05.21"]
[SourceQuality "1"]

1. d4 Nf6 2. Bf4 c5 3. c3 e6 4. e3 b6 5. Nf3 Be7 6. Be2 Ba6 7. Bxa6 Nxa6 8. 0-0 0-0 9. Nbd2 cxd4 10. exd4 d6 11. h3 h6 12. Re1 Nc7 13. Qb3 b5 14. a4 a6 15. Bg3 Qd7 16. axb5 axb5 17. Nf1 Qc6 18. Ne3 Ncd5 19. Nxd5 Nxd5 20. Qc2 Rfc8 21. Qd3 Bf8 22. Nd2 Nb6 23. Bf4 Nc4 24. Qc2 Qd5 25. b3 Nxd2 26. Bxd2 Rxa1 27. Rxa1 b4 28. Rc1 bxc3 29. Bxc3 Qb5 30. Qb2 0-1

[Event "Asia-ch"]
[Site "Al Ain"]
[Date "2025.05.12"]
[Round "6"]
[White "Obidjonov, Oriyat"]
[Black "Mirzaad, S Wahabuddin"]
[Result "1/2-1/2"]
[WhiteElo "2078"]
[BlackElo "2035"]
[PlyCount "65"]
[EventDate "2025.05.07"]
[EventType "swiss"]
[EventRounds "9"]
[EventCountry "UAE"]
[SourceTitle "CB21_2025"]
[SourceDate "2025.05.21"]
[SourceVersion "1"]
[SourceVersionDate "2025.05.21"]
[SourceQuality "1"]

1. e4 d5 2. exd5 Qxd5 3. h3 Nf6 4. Nf3 c6 5. d4 Bf5 6. Be2 e6 7. 0-0 Be7 8. c4 Qa5 9. a3 0-0 10. Re1 Nbd7 11. Nc3 Qc7 12. b4 Rad8 13. Qb3 h6 14. Bb2 Ne4 15. Nxe4 Bxe4 16. Bf1 Nf6 17. Ne5 Bh7 18. a4 Nd7 19. d5 cxd5 20. cxd5 exd5 21. Rac1 Qd6 22. Nxd7 Rxd7 23. Bb5 Rdd8 24. Be5 Qxb4 25. Qg3 f6 26. Bc3 Qd6 27. Qe3 Rf7 28. Qxa7 Qb8 29. Qxb8 Rxb8 30. Bd7 Ba3 31. Be6 Bxc1 32. Rxc1 Bg6 33. Bxd5 1/2-1/2

[Event "Asia-ch"]
[Site "Al Ain"]
[Date "2025.05.08"]
[Round "2"]
[White "Mirzaad, S Wahabuddin"]
[Black "Aradhya, Garg"]
[Result "1/2-1/2"]
[WhiteElo "2035"]
[BlackElo "2383"]
[PlyCount "85"]
[EventDate "2025.05.07"]
[EventType "swiss"]
[EventRounds "9"]
[EventCountry "UAE"]
[SourceTitle "CB21_2025"]
[SourceDate "2025.05.21"]
[SourceVersion "1"]
[SourceVersionDate "2025.05.21"]
[SourceQuality "1"]

1. d4 d5 2. Bf4 Nf6 3. e3 c5 4. c3 Nc6 5. Nd2 Bf5 6. Qb3 Qd7 7. Ngf3 c4 8. Qd1 e6 9. Be2 h6 10. 0-0 Bd6 11. b4 cxb3 12. axb3 Bxf4 13. exf4 0-0 14. Qc1 Rfc8 15. Qa3 Ne4 16. Rfc1 Nxd2 17. Nxd2 Qe7 18. Qxe7 Nxe7 19. Nf1 Rc7 20. Ne3 a6 21. g4 Be4 22. f3 Bh7 23. Kf2 g5 24. fxg5 hxg5 25. c4 dxc4 26. bxc4 Rd8 27. d5 Kg7 28. dxe6 fxe6 29. Rd1 Rcd7 30. Rxd7 Rxd7 31. Ra2 Ng6 32. Ng2 Bg8 33. Rb2 e5 34. Bf1 Rc7 35. Ne3 Be6 36. Kg3 Nf4 37. h4 gxh4+ 38. Kxh4 Kf6 39. Kg3 Kg5 40. Rb6 Rd7 41. Rb2 Rc7 42. Ra2 Rc5 43. Rb2 1/2-1/2

[Event "Tashkent zt 3.4"]
[Site "Tashkent"]
[Date "2021.05.09"]
[Round "3"]
[White "Mirzaad, S Wahabuddin"]
[Black "Agmanov, Zhandos"]
[Result "0-1"]
[WhiteElo "2010"]
[BlackElo "2413"]
[PlyCount "80"]
[EventDate "2021.05.07"]
[EventType "swiss"]
[EventRounds "9"]
[EventCountry "UZB"]
[SourceTitle "CBM 202 Extra"]
[Source "ChessBase"]
[SourceDate "2021.07.31"]
[SourceVersion "1"]
[SourceVersionDate "2021.07.31"]
[SourceQuality "1"]

1. d4 d5 2. Nf3 Nf6 3. g3 e6 4. Bg2 b5 5. 0-0 Bb7 6. b3 Nbd7 7. Bb2 Be7 8. Nbd2 b4 9. c4 bxc3 10. Bxc3 a5 11. a3 0-0 12. b4 axb4 13. axb4 Ba6 14. Re1 Qb8 15. Qb3 Qb6 16. Bf1 Ne4 17. Nxe4 dxe4 18. Nd2 e3 19. fxe3 Bg5 20. Bb2 Nf6 21. Bg2 Rab8 22. Nf1 Rfd8 23. Bc3 Bb7 24. Bf3 Bd5 25. Qb2 Qb7 26. Kg2 h5 27. h3 h4 28. g4 Ne4 29. Rec1 Rf8 30. Bd2 f5 31. gxf5 Rxf5 32. Nh2 Rbf8 33. Rf1 Qc6 34. Qc1 Qd6 35. Be1 Ng3 36. Rf2 Nxe2 37. Rxe2 Rxf3 38. Nxf3 Rxf3 39. Bf2 Bxe3 40. Qc5 Rxf2+ 0-1

[Event "Titled Tuesday intern op 30th June"]
[Site "Chess.com INT"]
[Date "2020.06.30"]
[Round "1"]
[White "Mirzaad, S Wahabuddin"]
[Black "Caspi, Israel"]
[Result "0-1"]
[WhiteElo "2010"]
[BlackElo "2489"]
[PlyCount "80"]
[EventDate "2020.06.30"]
[EventType "swiss (blitz)"]
[EventRounds "10"]
[EventCountry "USA"]
[SourceTitle "CBM 197 Extra"]
[Source "ChessBase"]
[SourceDate "2020.09.30"]
[SourceVersion "1"]
[SourceVersionDate "2020.09.30"]
[SourceQuality "1"]

1. d4 f5 2. Nf3 Nf6 3. c4 g6 4. Nc3 Bg7 5. Bf4 0-0 6. e3 d6 7. Be2 Nc6 8. 0-0 Ne4 9. Nxe4 fxe4 10. Nd2 Nxd4 11. Nxe4 Ne6 12. Bg3 Bxb2 13. Rb1 Bg7 14. c5 d5 15. Nd2 Nxc5 16. Qc2 b6 17. Bf3 Ba6 18. Rfd1 Bd3 19. Qc1 Bxb1 20. Nxb1 c6 21. e4 e6 22. exd5 exd5 23. Nc3 Qf6 24. Ne2 Rae8 25. Nd4 Rf7 26. h4 h5 27. a4 Kh7 28. a5 Bh6 29. Qc3 Bg7 30. axb6 axb6 31. Qb4 Ne4 32. Qxb6 c5 33. Qxf6 Bxf6 34. Nb5 Rd8 35. Bc7 Rdd7 36. Bf4 Bxh4 37. g3 Bf6 38. Be3 c4 39. Nd4 Bxd4 40. Bxd4 Rxf3 0-1

[Event "Titled Tuesday intern op 19th May"]
[Site "Chess.com INT"]
[Date "2020.05.19"]
[Round "10"]
[White "Mirzaad, S Wahabuddin"]
[Black "Kiremitciyan, Ari"]
[Result "0-1"]
[WhiteElo "2010"]
[BlackElo "2281"]
[PlyCount "92"]
[EventDate "2020.05.19"]
[EventType "swiss (blitz)"]
[EventRounds "10"]
[EventCountry "USA"]
[SourceTitle "EXT 2021"]
[Source "ChessBase"]
[SourceDate "2020.10.23"]
[SourceVersion "1"]
[SourceVersionDate "2020.10.23"]
[SourceQuality "1"]

1. d4 Nf6 2. Bf4 d5 3. c3 Bf5 4. Qb3 Qc8 5. Nd2 e6 6. e3 c5 7. Ngf3 Be7 8. Be2 0-0 9. 0-0 h6 10. h3 Nbd7 11. Rac1 c4 12. Qd1 b5 13. Ne5 a5 14. g4 Bh7 15. g5 hxg5 16. Bxg5 Qc7 17. f4 b4 18. Rf2 bxc3 19. bxc3 Rab8 20. Rg2 Rfe8 21. Qe1 Nxe5 22. fxe5 Ne4 23. Nxe4 Bxe4 24. Rg4 Bf8 25. Qg3 Bg6 26. Bf4 Rb2 27. Bf3 Reb8 28. Bxd5 Rb1 29. Rxb1 Rxb1+ 30. Kh2 exd5 31. e6 Be4 32. Qh4 Rh1+ 33. Kg3 Rg1+ 34. Kf2 Rxg4 35. hxg4 Qe7 36. Qxe7 Bxe7 37. exf7+ Kxf7 38. Bc7 a4 39. Kg3 Bb1 40. Kf4 Bxa2 41. Ke5 Bb3 42. Kxd5 a3 43. e4 a2 44. e5 a1Q 45. e6+ Ke8 46. Be5 Qa8# 0-1

[Event "Titled Tuesday intern op 19th May"]
[Site "Chess.com INT"]
[Date "2020.05.19"]
[Round "3"]
[White "Shahade, Gregory P"]
[Black "Mirzaad, S Wahabuddin"]
[Result "1-0"]
[WhiteElo "2476"]
[BlackElo "2010"]
[PlyCount "57"]
[EventDate "2020.05.19"]
[EventType "swiss (blitz)"]
[EventRounds "10"]
[EventCountry "USA"]
[SourceTitle "EXT 2021"]
[Source "ChessBase"]
[SourceDate "2020.10.23"]
[SourceVersion "1"]
[SourceVersionDate "2020.10.23"]
[SourceQuality "1"]

1. e4 d5 2. exd5 Qxd5 3. Nc3 Qa5 4. d4 c6 5. Nf3 Bg4 6. h3 Bh5 7. g4 Bg6 8. Ne5 Nf6 9. h4 Be4 10. Rh3 Bd5 11. Bd2 Qc7 12. Qe2 Nbd7 13. 0-0-0 e6 14. g5 Nxe5 15. dxe5 Nd7 16. f4 0-0-0 17. Nxd5 cxd5 18. Rc3 Bc5 19. b4 d4 20. Rc4 b5 21. Rxc5 Nxc5 22. bxc5 Qxc5 23. Qxb5 Qxb5 24. Bxb5 h6 25. Bb4 hxg5 26. hxg5 Rh4 27. Ba6+ Kc7 28. Ba5+ Kd7 29. Rxd4+ 1-0

[Event "Olympiad-42"]
[Site "Baku"]
[Date "2016.09.13"]
[Round "11.3"]
[White "Darwish, Hashim"]
[Black "Mirzaad, S Wahabuddin"]
[Result "1/2-1/2"]
[WhiteElo "1766"]
[BlackElo "2069"]
[PlyCount "128"]
[EventDate "2016.09.02"]
[EventType "team-swiss"]
[EventRounds "11"]
[EventCountry "AZE"]
[SourceTitle "CBM 175"]
[Source "ChessBase"]
[SourceDate "2016.11.10"]
[SourceVersion "1"]
[SourceVersionDate "2016.11.10"]
[SourceQuality "1"]
[WhiteTeam "Bahrain"]
[BlackTeam "Afghanistan"]
[WhiteTeamCountry "BHN"]
[BlackTeamCountry "AFG"]

1. e4 d5 2. exd5 Qxd5 3. Nc3 Qa5 4. d4 c6 5. Nf3 Bg4 6. h3 Bh5 7. g4 Bg6 8. Nh4 e6 9. Nxg6 hxg6 10. Qf3 Nf6 11. Bc4 Nbd7 12. Bb3 Bb4 13. Bd2 Qc7 14. 0-0-0 Rf8 15. Kb1 Bd6 16. Rhe1 0-0-0 17. g5 Nh5 18. Ne2 Kb8 19. Be3 e5 20. dxe5 Nxe5 21. Qe4 f5 22. Qa4 b5 23. Qa6 Nf3 24. Nd4 Nxd4 25. Bxd4 Nf4 26. a4 b4 27. f3 Nxh3 28. Re6 Nf4 29. Ree1 Rfe8 30. Rxe8 Rxe8 31. Bxa7+ Qxa7 32. Qxc6 Rd8 33. Rxd6 Rxd6 34. Qxd6+ Qc7 35. Qxb4+ Ka7 36. Qd4+ Kb8 37. a5 Ne2 38. Qb4+ Ka7 39. Qc4 Qxc4 40. Bxc4 Nd4 41. f4 Nc6 42. Bf7 Ka6 43. Bxg6 Ne7 44. Bf7 Kxa5 45. Be6 Kb5 46. Ka2 Kc5 47. Ka3 Kd4 48. b4 Ke4 49. c4 Kxf4 50. b5 Ke5 51. Bd7 Kd6 52. Be8 Kc5 53. Kb3 Nc8 54. Bd7 Nd6 55. Be6 f4 56. Kc2 Ne4 57. Kd3 Nxg5 58. Bd5 Nh3 59. Ke2 Ng5 60. Kf2 Nh7 61. Kf3 g5 62. Kg4 Nf6+ 63. Kxg5 Nxd5 64. Kg4 Kxc4 1/2-1/2

[Event "Asia Cup"]
[Site "Abu Dhabi"]
[Date "2016.04.05"]
[Round "9.2"]
[White "Shrestha, Rajendra Prasad"]
[Black "Mirzaad, S Wahabuddin"]
[Result "0-1"]
[WhiteElo "1922"]
[BlackElo "2053"]
[PlyCount "98"]
[EventDate "2016.03.28"]
[EventType "team-swiss"]
[EventRounds "9"]
[EventCountry "UAE"]
[SourceTitle "CBM 171 Extra"]
[Source "ChessBase"]
[SourceDate "2016.04.26"]
[SourceVersion "1"]
[SourceVersionDate "2016.04.26"]
[SourceQuality "1"]
[WhiteTeam "Nepal"]
[BlackTeam "Afghanistan"]
[WhiteTeamCountry "NEP"]
[BlackTeamCountry "AFG"]

1. e4 d5 2. exd5 Qxd5 3. Nf3 Bg4 4. Be2 Nf6 5. Nc3 Qa5 6. 0-0 e6 7. d4 c6 8. Bf4 Be7 9. h3 Bh5 10. Qd2 Bb4 11. Rfe1 Ne4 12. Qd3 Nxc3 13. bxc3 Bxc3 14. Bd2 Bxd2 15. Nxd2 Bxe2 16. Rxe2 0-0 17. Ne4 Nd7 18. Re3 Rad8 19. Rg3 Kh8 20. Rg5 Qc7 21. Rh5 g6 22. Rh4 f6 23. Qe3 Rf7 24. Rb1 b6 25. Re1 Nf8 26. c3 Re8 27. Qh6 Qd8 28. Qf4 g5 29. Nxg5 fxg5 30. Qxf7 gxh4 31. Qxa7 Re7 32. Qa4 b5 33. Qc2 Rg7 34. Qe4 Qd5 35. Re2 Qxe4 36. Rxe4 Ra7 37. Rxh4 Rxa2 38. Rh5 Kg7 39. Rc5 Ra6 40. f4 Nd7 41. Rg5+ Kf7 42. Rh5 Nf6 43. Rc5 Ne4 44. Rh5 Ra1+ 45. Kh2 Rh1+ 46. Kxh1 Ng3+ 47. Kg1 Nxh5 48. Kf2 Nxf4 49. Kf3 Nd5 0-1

[Event "Asia Cities-ch 19th"]
[Site "Kalutara "]
[Date "2015.07.25"]
[Round "6"]
[White "Peiris, TSS"]
[Black "Mirzaad, S Wahabuddin"]
[Result "1/2-1/2"]
[WhiteElo "2022"]
[BlackElo "2067"]
[PlyCount "61"]
[EventDate "2015.07.22"]
[EventType "team-tourn"]
[EventRounds "9"]
[EventCountry "SRI"]
[SourceTitle "EXT 2020"]
[Source "ChessBase"]
[SourceDate "2019.10.17"]
[SourceVersion "1"]
[SourceVersionDate "2019.10.17"]
[SourceQuality "1"]
[WhiteTeam "Kandy"]
[BlackTeam "Kabul"]
[WhiteTeamCountry "SRI"]
[BlackTeamCountry "AFG"]

1. e4 d5 2. exd5 Qxd5 3. Nc3 Qa5 4. d4 c6 5. Bc4 Nf6 6. Nf3 Bg4 7. Bd2 Qh5 8. Be2 e6 9. h3 Bd6 10. Ne5 Bxe2 11. Qxe2 Qxe2+ 12. Nxe2 0-0 13. 0-0 Nbd7 14. Bf4 Be7 15. a4 Rfd8 16. Nc4 Rac8 17. Na5 b6 18. Nb3 c5 19. c3 cxd4 20. Nbxd4 e5 21. Nf5 Bf8 22. Bg5 h6 23. Bh4 g5 24. Bg3 Ne4 25. Rfe1 Nxg3 26. Nexg3 f6 27. Red1 Nc5 28. Kh1 Kh7 29. Rxd8 Rxd8 30. Kg1 Nd3 31. Rb1 1/2-1/2

[Event "New Delhi Parsvnath op 13th"]
[Site "New Delhi"]
[Date "2015.01.12"]
[Round "5"]
[White "Mirzaad, S Wahabuddin"]
[Black "Harsha, Bharathakoti"]
[Result "0-1"]
[WhiteElo "2065"]
[BlackElo "2309"]
[PlyCount "101"]
[EventDate "2015.01.09"]
[EventType "tourn"]
[EventRounds "10"]
[EventCountry "IND"]
[SourceTitle "CBM 164 Extra"]
[Source "ChessBase"]
[SourceDate "2015.03.02"]
[SourceVersion "1"]
[SourceVersionDate "2015.03.02"]
[SourceQuality "1"]

1. d4 d5 2. c4 c6 3. Nc3 Nf6 4. Nf3 e6 5. Bg5 Nbd7 6. e3 Qa5 7. Bxf6 Nxf6 8. Nd2 Bd6 9. a3 Qd8 10. c5 Be7 11. Bd3 e5 12. dxe5 Ng4 13. Nf3 Qc7 14. b4 Nxe5 15. 0-0 Bf6 16. Nd4 Ng4 17. g3 h5 18. Be2 Qe5 19. Kg2 Nxh2 20. Kxh2 h4 21. Rh1 hxg3+ 22. Kg2 Rxh1 23. Qxh1 gxf2 24. Kxf2 Bg5 25. Nd1 Bh6 26. Rc1 Bd7 27. Qh4 Kf8 28. Qg3 Qf6+ 29. Bf3 Kg8 30. Rc2 Re8 31. Re2 Re5 32. Kf1 b6 33. Ke1 Bg5 34. Kf1 Qe7 35. cxb6 axb6 36. Bg2 Bh4 37. Qh2 Be8 38. Kg1 Bf6 39. Nf3 Re4 40. Qg3 d4 41. Ne1 Re6 42. Bh3 Bh4 43. Qf4 Re4 44. Qf5 dxe3 45. Nf3 Bf6 46. Bg2 Bd7 47. Qxe4 Qxe4 48. Rxe3 Bd4 49. Nxd4 Qxd4 50. Bf3 Bg4 51. Kf2 0-1